000 00971nam0a22002771 4500
001 rc\4035357
005 20250611064050.0
021 _aRU
_b[48-3111]
035 _a(NLR Aleph) 008095207
090 _a9209029
_c9209029
100 _a20130415d1947 |||y0rusy50 ca
101 0 _arus
102 _aRU
105 _ay z |||||
200 1 _aКонтроль веса зернопродуктов при изменении их влажности
210 _aМосква
_cИзд-во и тип. Заготиздата
_d1947
215 _a32 с., 1 л. граф.
_cграф.
_d22
300 _aПеред загл. авт.: Г.М. Левятин
606 _aЗернопродукты
_xВес
_2psbo
606 _aЗернопродукты
_xВлажность
_2psbo
700 1 _aЛевятин
_bГ.М.
_gГригорий Моисеевич
801 0 _aRU
_bNLR
_gpsbo
801 1 _aRU
_bELAR
_2rusmarc
852 _aNLR
_jТ66 Г-6/100
942 _cBOOK
980 _aNB